[Event "London FIDE GP 1st"]
[Site "London"]
[Date "2012.09.21"]
[Round "1"]
[White "Nakamura, Hikaru"]
[Black "Gelfand, Boris"]
[Result "0-1"]
[WhiteElo "2783"]
[BlackElo "2738"]
[Annotator "Erenburg,S"]
[PlyCount "116"]
[EventDate "2012.09.21"]
[EventType "tourn"]
[EventRounds "11"]
[EventCountry "ENG"]
[EventCategory "20"]
[SourceTitle "CBM 151"]
[Source "ChessBase"]
[SourceDate "2012.11.13"]
[SourceVersion "1"]
[SourceVersionDate "2012.11.13"]
[SourceQuality "1"]

1. e4 c5 2. Nf3 Nc6 3. d4 cxd4 4. Nxd4 Nf6 5. Nc3 e5 6. Ndb5 d6 7. Nd5 {
Nakamura does not choose the most popular line to avoid Gelfand's quality
preparation for the World Championship in which he played recently.} Nxd5 8.
exd5 Nb8 {By retreating the knight to b8, Black hopes to occupy the c5-outpost
one day.} 9. a4 {Once again, Nakamura avoids playing the main line 9.c4. His
idea to have the a3-square available for the knight, from where it can be
transferred to c4.} Be7 10. Be2 O-O 11. O-O Nd7 12. Kh1 {White has got a pawn
majority on the queenside, while Black has one in the centre. So, Nakamura
will try to develop an initiative on the queenside by pushing his pawns
forward, while Gelfand will be advancing his e- and f-pawns. It is often the
case that White has to stop Black's expansion with f2-f4 or f2-f3, which opens
the g1-a7 diagonal, from where Black can create some tactical threats. That's
why 12.Kh1 is a good prophylactic move. White has also tried:} (12. Be3 a6 13.
Na3 f5 {By playing 12.Be3, White committed to meet f7-f5 with 14.f3, since
otherwise it makes no sense to move the bishop twice.} 14. f3 (14. f4 exf4)
14... f4 15. Bf2 Qe8 {Now Black brings all his forces to the kingside.} 16. Nc4
Qh5 17. Kh1 Rf6 $36 {0-1 Rowson,J (2485)-Adams,M (2670)/London 1998/CBM 065 
(29)}) (12. f4 a6 13. Na3 exf4 14. Bxf4 Bg5 $6 {In general, trading the
dark-squared bishops is a typical idea for this kind of pawn structure, but in
this particular position, White is better prepared for the open fight.} (14...
Ne5 15. Kh1 f5 {leads to the game.}) 15. Bxg5 Qxg5 16. Nc4 Nb6 17. Qd4 Bh3 18.
Rf2 Nxc4 19. Bxc4 $14 {1-0 Kaidanov,G (2596)-Kotronias,V (2611)/Gausdal 2008/
CBM 124 (37)}) 12... f5 13. f4 a6 14. Na3 exf4 {Gelfand is preparing the
e5-outpost for his knight. In fact, Black is consistent with his strategy of
taking control over the dark squares in the centre. The alternatives, which
seem a little slower than the move in the text, are:} (14... Bf6 15. Nc4 Nb6
16. Nxb6 (16. fxe5 $5 dxe5 17. Nxb6 Qxb6 18. a5 Qc5 19. c4 e4 20. Ra3 (20. Qb3
Bd4 21. Bf4) 20... Be5 21. Be3 Qe7 22. c5 f4 23. Bc4 (23. d6 Qe8 24. Bd4 (24.
Ra4 Bd7 25. Rxe4 Bc6 26. Bc4+ Kh8) 24... Bd7 25. Qb3+ Be6 26. Qb4 $14) 23...
Kh8 24. d6 Qg5 $132 {0-1 Nataf,I (2583)-Antic,D (2512)/Vrnjacka Banja 2005/EXT
2006 (34)}) 16... Qxb6 17. a5 Qc7 18. c3 Bd7 19. Be3 Rae8 {1/2-1/2 Gallagher,J
(2544)-Spasov,V (2551)/Gothenburg 2005/CBM 109}) (14... b6 $6 {That's exactly
what White was waiting for: a clear target on the queenside.} 15. a5 $1 b5 16.
c4 Qxa5 (16... bxc4 17. Nxc4 e4 18. Be3 Rb8 19. Rc1 Bb7 20. Qd2 $14) 17. Bd2
Qb6 18. Nxb5 Qb8 19. Nc3 exf4 20. Bxf4 Qxb2 21. Nb5 Qb4 22. Nc7 Rb8 23. Ne6 $44
{1-0 Gallagher,J (2565)-Cherniaev,A (2503)/Saas Almagell 2005/CBM 107 ext (65)}
) 15. Bxf4 Ne5 ({Black can always further expand on the kingside, but there is
a cost to it: the king become more vulnerable due to potential weakness of the
light squares in the black camp.} 15... g5 $5 16. Bc1 Ne5 17. c4 f4 18. Nc2 Bf5
(18... Bf6 19. Nd4 Qe7 20. Ra3 Bd7 $13) 19. Nd4 Qc8 20. Ra3 a5 21. Rc3 Bf6 22.
c5 $1 dxc5 23. Nxf5 $14 {1/2-1/2 Sengupta,D (2466)-Reinderman,D (2560)/
Parramatta 2009/CBM 129 Extra (58)}) 16. Qd2 $146 {[%cal Yd2b4] White connects
the rooks and is about to bring the queen to the queenside.} ({In the
preceding game, White got nothing special after} 16. Nc4 Nxc4 17. Bxc4 Bf6 18.
c3 g5 19. Be3 Be5 20. Bd4 Qf6 21. Bxe5 dxe5 22. d6+ Be6 23. Qb3 Bxc4 24. Qxc4+
Rf7 25. Rad1 Rd8 26. Qd5 e4 $11 {1/2-1/2 Gallagher,J (2544)-Parligras,M (2571)/
Gothenburg 2005/CBM 109 (57)}) 16... Bd7 17. Qb4 {Nakamura is trying to
prevent Black's normal setup of development, an essential part of which would
be ...Bf6. In fact, he had a deeper idea in mind: Black is provoked to move
his pawns on the queenside, which would create some weaknesses in his camp.}
Rb8 $1 {No targets for White's attacks.} (17... a5 $6 18. Qb3 $14 {[%cal Ye2b5,
Ya3b5]} ({But not} 18. Qxb7 Rb8 19. Qa7 Rxb2)) (17... b6 $6 18. Bxe5 dxe5 19.
d6 Bf6 20. Bxa6 $14) (17... Qc7 $4 18. Bxe5 a5 19. Qc3 $18) 18. c4 {White is
trying to carry out the breakthrough on the queenside, but maybe he had to
further build up for it.} (18. a5 $5 Be8 $1 {[%cal Yg7g5]} (18... g5 19. Bxe5
dxe5 20. d6 Bf6 21. Nc4 {[%cal Yc4b6]} e4 22. Nb6 Kh8 23. Rad1 $14) 19. Nc4 Bb5
20. Bxe5 dxe5 21. d6 Bxd6 22. Nxd6 Bxe2 23. Rxf5 Rxf5 24. Nxf5 Qf6 $11) 18...
a5 $1 {Now that White's light squared bishop can not get to b5, Gelfand
interrupts Nakamura's plans on the queenside.} 19. Qb3 {The threat of c4-c5 is
now being created.} Ng6 (19... Bf6 $6 20. c5 dxc5 21. Nc4 $14) (19... b6 $5 20.
Bxe5 $140 $6 dxe5 21. d6 Bf6 22. c5+ Kh8 $15) 20. Be3 b6 {Black has managed to
fix the pawn structure on the queenside, which leaves White with no clear plan.
Black, on the other hand, will continue his expansion on the kingside by
occupying the dark squares in the centre.} 21. Nb5 ({I feel that White should
have kept his knight on the board and brought it to the centre:} 21. Nc2 $5 {
[%cal Yc2d4]} Bf6 $11 {[%cal Yg6e5]}) 21... Bxb5 22. axb5 Bg5 23. Bg1 Ne5 $15 {
/=. Black has managed to neutralise White's activity on the queenside and
occupy the dark squares in the centre. Although Black has a more comfortable
game, White is not much worse yet. Nakamura has a pair of bishops, one of
which creates some trouble for Black, namely the dark-squared one. Black's
pawn on b6 is somewhat weak and requires some looking after by other pieces.}
24. Qa3 $6 {It may be the case that Nakamura overlooked next Black's move,
which allowed Gelfand to bring the bishop to c5.} (24. Qc3 {was perhaps better:
} Qc7 (24... Qf6 25. b4) 25. Bd4 (25. b4 axb4 26. Qxb4 Nd7 {[%cal Yd7c5]})
25... g6 $11 (25... Rbe8 26. Qg3 Bd2 $140 $2 27. Qf2 $16)) 24... Bd2 $1 25.
Rad1 Bb4 26. Qh3 Qg5 (26... g6 {might have been slightly more precise.}) 27.
Be3 Qf6 28. Bd4 ({White had to take advantage of his chance and equalise with} 
28. g4 $1 {This forces Black to trade his excellent knight:} Nxg4 (28... g6 $4
29. gxf5 gxf5 30. Bd3 $1 $18) 29. Bxg4 fxg4 30. Rxf6 (30. Qxg4 Qxf1+ 31. Rxf1
Rxf1+ 32. Kg2 Rf6 $13) 30... gxh3 31. Rxf8+ Kxf8 32. Rf1+ Kg8 {[%cal Yb4c5]}
33. Kg1 Rc8 $11) 28... Bc5 29. Bc3 Qg5 {At this point, Gelfand had little time,
so I can imagine that he was trying to postpone any decisive actions until
after the first time control. Nakamura, on the other hand, felt that it was
his chance to mess things up, so he continued} 30. Bxe5 $6 ({Objectively
speaking,} 30. Bd2 {, following the waiting strategy, was better:} Qf6 31. Bc3
g6 $15 {/=}) 30... dxe5 31. g4 {White has given up on the dark squares, but he
hopes to activate his light-squared bishop.} fxg4 $6 {Under time pressure,
Gelfand decides to keep things simple, even though he was clearly better after}
(31... f4 32. Bd3 g6 33. Be4 Bd4 34. b3 Kg7 $36 {[%cal Yf8h8]}) 32. Qxg4 Qxg4
33. Bxg4 Bd6 34. Be6+ Kh8 {The endgames with opposite coloured bishops have
strong drawish tendencies. Also, Gelfand had just a few seconds to make his
last 6 moves, so, it might be the case that Nakamura felt that he was out of
danger. However, this endgame is tricky, and White has to play carefully to
hold it. First of all, White's queenside pawns are completely useless: while
he has the numerical advantage of 4 vs. 2, he can't create a single passed
pawn. Black, on the other hand, has a pawn majority in the centre-kingside
with 3 vs. 1. It should be obvious that White's best shot is the endgame
without rooks on the board.} 35. Kg2 g6 36. b3 Kg7 37. h3 $6 {Nakamura places
his pawns on the light squares, so that they couldn't be captured by Black's
bishop.} ({However, it was more important to prevent the advance of Black's
pawn in the centre with} 37. Rde1 {and White should hold this endgame.}) 37...
e4 38. Bg4 $6 {At this point, it was absolutely necessary to force Black to
trade ALL the rooks. Instead, Nakamura brings his light-squared bishop to a
very passive position.} (38. Rde1 $1 Rxf1 (38... Bc5 39. Rxe4 Rxf1 40. Kxf1
Rf8+ 41. Ke1 Rf3 42. Kd2 Rxb3 $140 43. d6) 39. Rxf1 (39. Kxf1 Rf8+ 40. Kg2 Rf3)
39... Rf8 40. Rxf8 Bxf8 41. Kf2 Kf6 42. Ke2 Bc5 43. Kd2 Ke5 (43... Kg5 44. d6
Bxd6 45. Ke3) 44. Bg8 $1 h6 45. Bf7 $1 g5 (45... Kd4 46. Bxg6 e3+ 47. Kc2 e2
48. Kd2 e1=B+ 49. Kxe1 Kc3 50. Bf7 Bd6 51. c5 $1 Bxc5 (51... bxc5 52. b6 Kxb3
53. Bh5 Bf4 54. b7 a4 55. Bd1+ Kb4 56. d6 Bxd6 57. Kd2 $11) 52. d6 $1 $11) 46.
Be8 Kd4 (46... Kf4 47. Bh5 Kg3 48. Bg4 h5 (48... Kf2 49. Kd1) 49. Bxh5 Kxh3 50.
Bg6 g4 51. Bxe4 g3 52. Kd3 $1 Kh2 (52... g2 $2 53. Bxg2+ {[%cal Yd3e4]}) 53.
Bf3 Kg1 54. Ke4 Kf2 55. Bh1 $11) 47. Bh5 Bb4+ 48. Kc2 Ke3 49. Bg4 Kf2 50. Kd1
Bc5 51. Kd2 Kg3 52. d6 (52. Ke2 $11) 52... Bxd6 53. Ke3 h5 54. Bd7 g4 55. hxg4
hxg4 56. Kxe4 $11) 38... h5 39. Be2 $2 {It was absolutely crucial to keep
control over the f5-square. After this mistake, White is lost.} (39. Be6 Bb4
40. Rxf8 Rxf8 41. Rf1 Rxf1 42. Kxf1 Kf6 43. Ke2 g5 44. Kd1 (44. Bd7 Ke5 45. Be8
h4 46. Bd7 Kd4) 44... Ke5 45. Ke2 (45. Bf7 g4) 45... Kd4 46. Bf7 Bd6 47. Bxh5
Kc3 48. Ke3 (48. c5 Bxc5 49. d6 Bxd6 50. Bf7 Bc5) 48... Kxb3 49. Kxe4 Kxc4)
39... Rf6 {A time trouble inaccuracy.} (39... Rf5 $1 {was stronger and was
played on the next move.}) 40. Rde1 ({I think that even after} 40. Rxf6 Kxf6
41. Rf1+ Ke5 42. Rf7 Rf8 $19 {[%cal Ye5d4,Yd4c3] Black is winning, since he
gets access to White's b3-pawn.}) 40... Rf5 $1 {How many people in the world
can stay cool when they have seconds to make the last move? Well, Gelfand
definitely has the right genes! White is going to be forced to take on f5, and
with the connected pawns, it's an easy win for the World Championship
runner-up.} 41. Bd1 (41. Rxf5 gxf5 42. Bxh5 Kf6 $19) 41... Rbf8 42. Rxf5 {
White has no better moves to play:} (42. Bc2 Rg5+ 43. Kh1 Rf3 $1 $19) 42...
gxf5 43. Bxh5 Kf6 $19 {White is a pawn up, but completely lost. The quality
overcomes the quantity. Nothing can stop Black's connected pawns and moreover,
even the endgame with the opposite coloured bishops is lost for White.} 44. Rh1
(44. Rg1 Bc5 45. Rf1 Rg8+ 46. Kh1 Ke5 $19) 44... Kg5 45. Bd1 Kh4 46. Rf1 Rg8+
47. Kh1 Rg5 48. Bc2 Kxh3 49. Rf2 Kg3 50. Rh2 Rg4 51. Rg2+ Kf4 52. Rf2+ Kg5 53.
Rd2 Rg3 54. Re2 Rh3+ 55. Kg1 Kf4 56. Kg2 Rh2+ $1 57. Kf1 (57. Kxh2 Kf3+) 57...
Rxe2 58. Kxe2 Ke5 0-1

[Event "Moscow Tal Memorial 8th"]
[Site "Moscow"]
[Date "2013.06.18"]
[Round "5"]
[White "Gelfand, Boris"]
[Black "Morozevich, Alexander"]
[Result "1-0"]
[WhiteElo "2755"]
[BlackElo "2760"]
[Annotator "Pavlovic,M"]
[PlyCount "65"]
[EventDate "2013.06.13"]
[EventType "tourn"]
[EventRounds "9"]
[EventCountry "RUS"]
[EventCategory "22"]
[SourceTitle "CBM 155"]
[Source "ChessBase"]
[SourceDate "2013.07.16"]
[SourceVersion "1"]
[SourceVersionDate "2013.07.16"]
[SourceQuality "1"]

1. d4 Nf6 2. c4 c5 3. d5 g6 4. Nc3 Bg7 5. e4 d6 6. h3 O-O 7. Nf3 e6 8. Bd3 exd5
9. exd5 Re8+ 10. Be3 Rxe3+ $6 {Certainly an entertaining move. While I was
watching the game it reminded me on an old game of Ulf Andersson in the Nimzo
Indian, if I am not mistaken where he saced the rook on e3. He was known at
that time for such ideas. In general my opinion is that White keeps some
pressure in this line even against the usual theoretical moves like 10...Bh6
or 10...Nbd7, but the position is far from simple in those cases.} ({For
instance:} 10... Nbd7 11. O-O Nh5 12. Qd2 Ne5 13. Be2 $1) ({Or:} 10... Bh6 11.
O-O Bxe3 12. fxe3 Qe7 13. e4 Nbd7 14. Qd2 {In both cases White has the easier
game.}) 11. fxe3 Qe7 12. O-O Nbd7 (12... Nfd7 13. Qe2 ({Even better was:} 13.
Qd2 $1 Ne5 14. Nxe5 Bxe5 15. Rf3 Nd7 16. Raf1 Bxc3 17. Qxc3 Ne5 18. Rf6 Bf5 19.
R1xf5 gxf5 20. Rxf5 $16) 13... Ne5 14. Nxe5 Bxe5 15. Rf3 Bxc3 16. bxc3 Nd7 17.
Raf1 Ne5 18. Rf6 Bf5 (18... Bd7 $5) 19. R6xf5 gxf5 20. Bxf5 Qg5 21. Rf4 $16 {
1/2-1/2 (60) Lputian,S (2616)-Petrosian,T (2606) Yerevan ARM 2008}) 13. Qd2 Ne5
$6 (13... Nh5 $5 14. g4 Ng3 15. Rf2 h5 16. Rg2 h4 {The engines gives here a
winning advantage to White, which might be the case in an ideal chess game,
but compared to the actual game to me this looks like a far better try.} 17.
Rf2 Ne5 18. Nxe5 Qxe5 19. Re1 Bd7 {to me this looks like the kind of chess
Moroz wanted in this game.}) 14. Nxe5 Qxe5 15. Rf3 $1 {Black is simply too
slow in occuping the e5-square with a knight.} Bd7 (15... Nd7 16. Raf1 f5 17.
Bc2 Qe7 18. b3 Ne5 19. R3f2 Bh6 20. Ne2 Bd7 21. Nf4 $18 {I really don't see
how Black can hold the position in the long run.}) 16. Raf1 Rf8 (16... Be8 17.
Qf2 Nd7 18. Rxf7 Bxf7 19. Qxf7+ Kh8 20. Ne4 $1 $18) 17. Qf2 $18 {Simple chess.}
Qe7 18. Rxf6 Bxf6 19. Qxf6 Qxe3+ 20. Rf2 $1 Qxd3 21. Qxd6 Bf5 22. Qxc5 $18 b6
23. Qc7 Rc8 24. Qxa7 Qe3 (24... Qd4 25. g4 {wins for White.}) 25. d6 Qd4 26.
Nb5 Qxc4 27. Qxb6 Qc1+ 28. Kh2 Re8 29. Qc7 Qd1 30. Rxf5 gxf5 31. d7 Rf8 32.
Qg3+ Kh8 33. Qd6 1-0

[Event "Beijing FIDE GP"]
[Site "Beijing"]
[Date "2013.07.12"]
[Round "8"]
[White "Gelfand, Boris"]
[Black "Ivanchuk, Vassily"]
[Result "1-0"]
[WhiteElo "2773"]
[BlackElo "2733"]
[Annotator "Pavlovic,M"]
[PlyCount "143"]
[EventDate "2013.07.04"]
[EventType "tourn"]
[EventRounds "11"]
[EventCountry "CHN"]
[EventCategory "21"]
[SourceTitle "CBM 156"]
[Source "ChessBase"]
[SourceDate "2013.09.17"]
[SourceVersion "1"]
[SourceVersionDate "2013.09.17"]
[SourceQuality "1"]

1. d4 Nf6 2. c4 g6 3. Nc3 Bg7 4. e4 d6 5. Be2 O-O 6. Nf3 e5 7. O-O Nc6 8. d5
Ne7 9. b4 {The Bayonet line has been very popular during the past decade and
mainly due to the famous game Kramnik-Kasparov. Big disputes are taking place
here as to whether can White achieve something or not. To me it looks
unbalanced.} Nh5 10. g3 {A highly fashionable line these days.} a5 $5 {Much
less played than the common 10...f5, but an interesting line.} 11. bxa5 ({
Another possibility for White is} 11. Ba3 f5 {, with precise play this
position looks ok for Black:} 12. c5 (12. bxa5 fxe4 $5 (12... Rxa5 13. Bb4 Ra8
14. c5 $14 {1-0 (31) Zoler,D (2533)-Ulanowski,K (2091) Legnica POL 2013}) 13.
Nxe4 Nf6 14. Nfg5 (14. Nxf6+ Bxf6 15. Bb4 Bh3 (15... e4 16. Nd4 Nf5 17. Nxf5
Bxf5 18. Rc1 Bg5 19. Rc3 Bh3 20. Re1 Qf6 21. f4 exf3 22. Bxf3 b6 $13) 16. Re1
e4 17. Nd4 c5 18. dxc6 Nxc6 19. Nxc6 bxc6 20. Bxd6 (20. Qxd6 Bxa1 21. Qxf8+
Qxf8 22. Bxf8 Bc3 23. Rc1 Rxa5 24. Bc5 Rxa2 25. Bf1 Bd2 26. Rb1 Bxf1 $11) 20...
e3 21. fxe3 Bxa1 22. Bxf8 Bc3 $15) 14... Nxe4 15. Nxe4 Bf5 16. Bd3 Bxe4 17.
Bxe4 Rxa5 18. Bb4 Ra8 19. c5 Nf5 $13) (12. Ng5 $6 h6 $1 13. Nf3 {Black has
simply gained a tempo} (13. Ne6 Bxe6 14. dxe6 axb4 15. Bxb4 c5 $19) 13... Nf6
14. exf5 e4 $1 (14... gxf5 15. Nh4 $5 e4 (15... f4 16. Bd3 $1 Bh3 17. Re1 e4
18. Nxe4 Nxe4 19. Bxe4 $40) 16. bxa5 Nd7 17. Bb4 c5 (17... Nc5 18. Qd2 $16 {
1-0 (39) Nguyen Duc Hoa (2492)-Wang Jue (2390) Ho Chi Minh City VIE 2013}) 18.
dxc6 Nxc6 19. Qxd6 Nxb4 20. Qxb4 Qxa5 21. Qxa5 Rxa5 22. Rac1 Bxc3 23. Rxc3 Rxa2
24. Re1 Nc5 $11) 15. Nh4 Bxf5 16. Qd2 axb4 17. Bxb4 Bh3 18. Rfe1 g5 19. Ng2
Bxg2 20. Kxg2 Qd7 $132 21. Bd1 $2 Ng4 $17) 12... Nf6 13. cxd6 cxd6 14. Nd2 Nxe4
15. Ndxe4 fxe4 16. Nxe4 Bf5 17. Bf3 (17. Ng5 Qb6 18. b5 e4 19. Rc1 h6 20. Ne6
Bh3 $15) 17... Bxe4 $1 (17... Qb6 18. bxa5 Rxa5 19. Rb1 Qa6 20. Be2 Qa7 21.
Bxd6 $1 $16 {1-0 (34) Schlosser,P (2567)-Vandevoort,P (2389) Belgium BEL 2008})
18. Bxe4 Nf5 19. b5 Qb6 $13) 11... Rxa5 12. Nd2 Nf6 13. a4 Ra8 $5 (13... c5 14.
Nb3 (14. Nf3 $5 {[%cal Gc1d2,Ga1a3,Gc3b4,Gc3b5] This would be another way of
handling this line very similar to 10.Re1 a5, and I am sure this is the reason
why Ivanchuk went first ...Ra8.}) 14... Ra6 15. Be3 (15. Bd2 {This would be
similar to Gelfand-Ivanchuk with the difference that here the rook is on a6.
In this case Black would profit more.}) 15... Nd7 16. Qd2 f5 17. exf5 Nxf5 (
17... gxf5 $5 {such a move is always important, to cover} 18. f4 (18. Bg5 e4
19. f3 (19. a5 Ne5 20. Ra2 Nf7 21. Bh4 Qe8 22. Nb5 Qd7 23. f3 Ng6 24. fxe4 Nxh4
25. gxh4 fxe4 26. Bh5 Qe7 27. Bxf7+ Rxf7 28. Rxf7 Qxf7 $132) 19... exf3 20.
Rxf3 Ne5 21. Rff1 Nf7 22. Be3 Ng6 $132) 18... Ng6 19. Ra2 exf4 20. gxf4 Nf6
$132) 18. Bg5 Nf6 19. Bf3 h6 20. Bxf6 Qxf6 21. Ne4 Qe7 (21... Qd8 $5) 22. Bg2
h5 23. h3 Bh6 24. Qd3 Kh7 25. Rfe1 Qd8 26. Ra2 Rf7 (26... h4 $1 27. g4 Nd4 28.
Nxd4 exd4 $132) 27. Rb1 $13 Ra8 28. Nc3 Ne7 29. Nd2 Bf5 30. Nde4 $14 Nc8 $6 {
Black decided to go with the knight all the way back to c8 which I find wrong}
31. Rab2 b6 32. Re1 Rf8 33. Qd1 Ra7 34. Qb3 g5 35. Nd2 Kh8 36. Qd1 g4 37. h4
Raf7 $14 {interesting manouvering from both sides, White does have slightly
better chances due to the possibility to break with a5, but Black plays well.}
38. Nde4 Bg6 39. Qe2 Qd7 40. Ra1 Qd8 $1 41. Rba2 Ra7 $1 42. Rb2 Ra6 43. Nb5 Bf5
44. Rb3 Rf7 45. Ra2 Ra8 46. Raa3 Ra5 $6 47. f3 $1 $16 {combined play on both
wings finally gave White chances} Rg7 48. fxg4 Bxg4 49. Qf2 Qe7 50. Bf3 Bf5 51.
Bg2 Bg4 52. Qf6 Qxf6 53. Nxf6 Bd1 54. Rb1 Bc2 55. Rf1 Rxa4 56. Nxh5 Rg8 57.
Rxa4 Bxa4 58. Rf6 $1 (58. Be4 $2 Rf8 $1 59. Rxf8+ Bxf8 60. g4 Bxb5 61. cxb5 c4
62. Bc2 Ne7 63. Be4 Nc8 64. Bc2 Ne7 65. Be4 {1/2-1/2 (65) Jumabayev,R (2548)
-Ding Liren (2702) Incheon KOR 2013}) 58... Be3+ 59. Kh2 Bxb5 60. cxb5 c4 61.
Be4 $18) 14. Nb3 c5 $1 {Chuki is playing elastic, only after Nb3 he goes ...c5.
} 15. Bd2 Nd7 16. a5 f5 17. f3 Nf6 {We got a typical King's Indian position.} (
17... Kh8 $5 18. Qc2 f4 19. g4 Ng8 20. Nb5 Ndf6 21. Kh1 Ne8 22. Nc1 Bf6 23. Nd3
Rf7 24. Bc3 h6 $14 (24... h5 25. g5 $1 $16)) 18. Qc2 h5 (18... f4 19. g4 h5 20.
h3 (20. g5 Nh7 21. h4 Nxg5 22. hxg5 Nf5 23. exf5 (23. Rf2 Qxg5+ 24. Rg2 Ng3 25.
Bf1 Bh3 $17) 23... Qxg5+ $11) 20... g5 21. Na4 Ng6 22. Nb6 Rb8 23. Nc1 Kf7 24.
Be1 Rh8 25. Bd1 Rh7 26. Rf2 {White is aiming at the bishop on c8 and also
defending his king. To tell the truth I don't see anything here for White, the
position simply looks balanced} Bf8 27. Rh2 Be7 28. Ra2 Qh8 29. Qb1 Bd7 30.
Nxd7 Nxd7 31. Rab2 Qc8 32. Ba4 Nf6 {That is the best White can achieve, but
still not much if anything at all.}) 19. Na4 fxe4 {Ivanchuk obviously has a
different approach in mind, let us see...} (19... f4 {was also possible:} 20.
Nb6 Ra6 21. gxf4 $5 exf4 22. Bc3 Bh3 23. Rf2 g5 (23... Nd7 24. Bxg7 Kxg7 25.
Nxd7 Qxd7 26. Qc3+ Kh7 27. Bd3 $36 {[%cal Ge4e5]}) 24. e5 $16) 20. fxe4 Bh3 21.
Rf3 Kh7 22. Bf1 Bg4 23. Rf2 Bh6 24. Bg2 Neg8 25. Nb6 Rb8 26. Raf1 $14 {This is
clear and easy play for White.} Qe7 27. h3 Bd7 28. Bxh6 Kxh6 29. Qd2+ Kg7 30.
Qg5 Rf7 31. Nd2 $1 Rbf8 32. Qh4 Nh7 33. Qxe7 Rxe7 34. Rxf8 Nxf8 35. Nf3 Nh7 36.
Nxd7 Rxd7 37. h4 $1 $14 {[%cal Gg2h3] Gelfand plays this game nicely. I can't
evaluate the white advantage as more than a modest +/=, but it is obvious that
his pressure is highly unpleasant.} Ngf6 38. Bh3 Rc7 39. Nd2 Ng4 40. Rb1 Nhf6
41. Rb6 Rd7 42. Bf1 Kf8 43. Bd3 Nh6 44. Bc2 Nf7 45. Nb1 $1 Rc7 46. Nc3 Nd7 47.
Rb1 Ke7 48. Ba4 Nd8 {Nice manouvering gave White tremendous pressure in this
endgame.} 49. Bxd7 $1 Kxd7 50. Kg2 Nf7 51. g4 $1 hxg4 52. Kg3 Nh6 53. Rb6 Ke7
54. Nd1 Ng8 55. Kxg4 Nf6+ 56. Kf3 Rd7 57. Nc3 Kf8 58. Nb5 Ke7 59. Nc3 Kf8 60.
Rb1 Kg7 61. Ke2 Kh6 62. Rf1 Nh7 63. Nb5 Kh5 64. Ke3 Kg4 65. Kd3 Kh3 66. Rg1 $16
Nf8 67. Ke3 Kh2 68. Rf1 Nh7 69. Rf3 Kg2 70. Nc3 g5 71. hxg5 Nxg5 72. Rf5 {
This game is instructive for the handling of some types of middlegame and
endgame in the King's Indian.} 1-0